000 00804nam a2200241Ia 4500
001 20300
003 GE_BSU
008 181216s||||||||xx |||||||||||||| ||und||
040 _cGE_BSU
080 _a811.353.1'35
100 _aშალამბერიძე, გიორგი
245 _aქართული მართლწერა
245 _bსაშუალო სკოლის მოსწავლეთათვის
245 _cრედ: ივ. გიგინეიშვილი
260 _aთბილისი
260 _bცოდნა
260 _c1958
300 _a147გვ. ; 22სმ.
541 _h3ლ.
653 _aქართული ენა
653 _aქართული ენის მართლწერა;
942 _cBK
999 _c53259
_d53259